Savaşsız yirmi gün/ (Record no. 13868)

MARC details
000 -BAŞLIK
Sabit Uzunlukta Kontrol Alanı 00631nam a2200217 4500
999 ## - SİSTEM KONTROL NUMARALARI (KOHA)
Koha Biblionumber 13868
Koha Biblioitemnumber 13868
003 - KONTROL NUMARASI IDENTIFIER
Denetim Alanı MIRAKIL
005 - SON İŞLEM TARİHİ VE ZAMANI
Denetim Alanı 20200812160146.0
008 - SABİT-BOY VERİ ELEMANLARI - GENEL BİLGİLER
Sabit Uzunlukta Kontrol Alanı 200812b tu ||||| |||| 00| 0 tur d
020 ## - ULUSLARARASI STANDART KİTAP NUMARASI
Uluslararası Standart Kitap Numarası 9753790325
040 ## - KATALOGLAMA KAYNAK
Orijinal Kataloglama Ajansı TR-AnCHP
Metne Dönüştürmek Ajansı TR-AnCHP
041 ## - DİL KODU
Metin / Ses Parça Veya Ayrı Başlığın Dil Kodu tur
082 ## - DEWEY ONLU SINIFLANDIRMA NUMARASI
Sınıflandırma Numarası 891.73
Ürün Numarası S55s 1996
100 ## - ANA GİRİŞ - KİŞİSEL İSİM
Kişisel Ad Simonov, Konstantin
245 10 - BAŞLIK TABLOSU
Başlık Savaşsız yirmi gün/
Sorumluluk Tablosu, Vb Konstantin Simonov; çeviren Ahmet Ekeş.
260 ## - YAYIN, DAĞITIM, VB
Yayın, Dağıtım, Vb Yeri İstanbul:
Yayıncı, Dağıtıcı, Vs Adı Engin Yayıncılık,
Yayın, Dağıtım, Vb Tarihi 1996.
300 ## - FİZİKSEL TANIM
Kapsam 287 s.:
Boyutlar 20 sm.
490 0# - SERİSİ TABLOSU
Seri Beyanı Dünya Klasikleri Dizisi
650 #0 - KONU KATMA GİRİŞ - TOPİKAL DÖNEM
9 (RLIN) 5112
Topikal Süreli Veya Coğrafi Ad Giriş Elemanı Rus Edebiyatı
Genel Alt Bölümü Roman
700 ## - KATMA GİRİŞ - KİŞİSEL İSİM
9 (RLIN) 6347
Kişisel Ad Ekeş, Ahmet
Relator Terim çev.
942 ## - EKLENDİ GİRİŞ ELEMANLARI (KOHA)
Sınıflandırma Veya Raf Düzeni Kaynak Dewey Decimal Classification
Koha Öğesi Türü Books
Holdings
Kalıcı Konum Mevcut Konum Edinme Tarihi Toplam Check-Out'Lar Tam Çağrı Numarası Barkod Tarih Son Görülme İtibaren Geçerli Fiyatlar Sigara Kamu Notu Koha Öğesi Türü
CHP Kütüphanesi CHP Kütüphanesi 08/12/2020   891.73 S55s 1996 019323 08/12/2020 08/12/2020 Emine Başak Alkan Bağışıdır. Books